000 00970nam a2200241 a 4500
001 79904
003 BD-RjUL
005 20220602155529.0
008 220602s2007 bg a|||| m||| 00| 0 eng d
035 _a(BD-RjUL)79904
040 _aBD-RjUL
_beng
_cBD-RjUL
_dBD-RjUL
041 _aeng
082 _a616.241
_bWAE 2007
_223
100 _aWahed, Md. Abdul
_93395
245 0 1 _aEffect of Micronutrients on Morbidity and Duration of Hospital Stay in Childhood Pneumonia /
_cMd. Abdul Wahed ;
_6Pricipal Supervisor : Md. Anwar Ui Islam
260 _aRajshahi :
_bInstitute of Biological Sciences, University of Rajshahi,
_c2007
300 _a[11], vi, 133 Leaves :
_bill, ;
_c29 cm.
502 _aThesis (Ph. D.) -- Institute of Biological Sciences, University of Rajshahi, 2007
504 _aBibliography : Leaves [113]-130
650 _aEffect of Micronutrients
_vChildhood Pneumonia
_93396
700 _aIslam, Md. Anwar Ui, Pricipal Supervisor
_93397
942 _2ddc
_cTHE
999 _c79904
_d79904